Kum Matej i kum Jirži (čes'ka kazka)

Bibliographic Details
Format: Article
Language:Ukrainian
Czech
Subjects:

MARC

LEADER 00000nab a2200000 4500
001 vtls012276500
003 SK-MaSNL
005 20260304170913.0
008 250516c2025 xo zr|p || ||00 c|ukr
015 |a SNBRB2025/05 
038 |a SVKPOCL 
040 |a SVKPOCL  |b slo  |c SVKPOCL  |e rda 
041 1 |a ukr  |h cze 
044 |a xo  |c SK 
072 7 |a 821.162.3  |x Česká literatúra  |2 konspekt 
080 |a 821.162.3-34=161.2  |2 2011 
080 |a 398.21  |2 2011 
080 |a 821.162.3-93=161.2  |2 2011 
080 |a (437.3)  |2 2011 
245 0 0 |a Kum Matej i kum Jirži  |b (čes'ka kazka) 
336 |a text  |b txt  |2 rdacontent 
337 |a bez média  |b n  |2 rdamedia 
338 |a zväzok  |b nc  |2 rdacarrierx 
650 0 7 |a česká literatúra  |2 SNKPH  |9 1178 
650 0 7 |a rozprávky  |2 SNKPH  |9 75941 
650 0 7 |a české rozprávky  |2 SNKPH  |9 106139 
650 0 7 |a ľudová slovesnosť  |2 SNKPH  |9 67005 
650 0 7 |a próza pre deti  |2 SNKPH  |9 198869 
650 0 7 |a literatúra pre deti  |2 SNKPH  |9 55721 
773 0 |t Veselka  |g Roč. 73, č. 4 (2025), s. 4 
852 |a SVKPO  |b KIS3GCP 
958 |a SS 
958 |a UA 
958 |a LX 
958 |a CZ 
958 |a UP 
958 |a NM 
958 |a DB 
999 |c 2990613  |d 2992543